000
00308nam a2200121Ia 4500
008
220120s9999||||xx |||||||||||||| ||und||
082
_a
511.6 CHA
100
_a
D.S.C
245
0
_a
Discrete mathematical sructures
260
_b
New Delhi
_c
2001
300
_a
456p.
_b
195
650
_a
DATA FILES & DATABASE
_9
695
999
_c
136163
_d
136163